<?xml version="1.0" encoding="UTF-8"?><?xml-stylesheet type="text/xsl" href="static/style.xsl"?><OAI-PMH xmlns="http://www.openarchives.org/OAI/2.0/" xmlns:xsi="http://www.w3.org/2001/XMLSchema-instance" xsi:schemaLocation="http://www.openarchives.org/OAI/2.0/ http://www.openarchives.org/OAI/2.0/OAI-PMH.xsd"><responseDate>2026-04-14T04:45:46Z</responseDate><request verb="GetRecord" identifier="oai:www.recercat.cat:2117/418476" metadataPrefix="marc">https://recercat.cat/oai/request</request><GetRecord><record><header><identifier>oai:recercat.cat:2117/418476</identifier><datestamp>2026-02-07T10:52:14Z</datestamp><setSpec>com_2072_1033</setSpec><setSpec>col_2072_452950</setSpec></header><metadata><record xmlns="http://www.loc.gov/MARC21/slim" xmlns:dcterms="http://purl.org/dc/terms/" xmlns:xsi="http://www.w3.org/2001/XMLSchema-instance" xmlns:doc="http://www.lyncode.com/xoai" xsi:schemaLocation="http://www.loc.gov/MARC21/slim http://www.loc.gov/standards/marcxml/schema/MARC21slim.xsd">
   <leader>00925njm 22002777a 4500</leader>
   <datafield ind2=" " ind1=" " tag="042">
      <subfield code="a">dc</subfield>
   </datafield>
   <datafield ind2=" " ind1=" " tag="720">
      <subfield code="a">Castro Torres, Andrés Felipe</subfield>
      <subfield code="e">author</subfield>
   </datafield>
   <datafield ind2=" " ind1=" " tag="260">
      <subfield code="c">2024-11-06</subfield>
   </datafield>
   <datafield ind2=" " ind1=" " tag="520">
      <subfield code="a">This research note presents evidence of persistent disparities in naming practices in social science research between the global North and South from 1960 to the present. The analysis relied on bibliometric records of 11.9 million articles sourced from the OpenAlex collection. By covering the 1960–2024 period and including six social science and humanities subdisciplines—Economic, Geography, History, Political Sciences, Psychology, and Sociology—this study replicates and expands an existing study that used Scopus data (0.5 million articles). Results show that scientific articles about global North countries and populations are systematically less likely to mention the country name in their titles compared to global South. For example, compared to the US, articles about China are between 1.8 and 2.7 times more likely to include the country name in the title. Significant variations across subdisciplines are observed, with Psychology displaying the lowest localization rates and greatest geographical gaps, and History showing seemingly converging trends over time across geographies. Continued research is needed to warrant diversity and inclusivity in social science research. A country-year dataset with country-mention counts in titles and abstracts is made available.</subfield>
   </datafield>
   <datafield ind2=" " ind1=" " tag="520">
      <subfield code="a">Funding&#xd;
The author(s) disclosed receipt of the following financial support for the research, authorship, and/or publication of this article: Generalitat de Catalunya, Computational Social Sciences and Humanities programme at the Barcelona SupercomputingCenter.</subfield>
   </datafield>
   <datafield ind2=" " ind1=" " tag="520">
      <subfield code="a">Peer Reviewed</subfield>
   </datafield>
   <datafield ind2=" " ind1=" " tag="520">
      <subfield code="a">Postprint (author's final draft)</subfield>
   </datafield>
   <datafield tag="653" ind2=" " ind1=" ">
      <subfield code="a">Àrees temàtiques de la UPC::Recursos generals::Estadístiques</subfield>
   </datafield>
   <datafield tag="653" ind2=" " ind1=" ">
      <subfield code="a">Science and technology studies</subfield>
   </datafield>
   <datafield tag="653" ind2=" " ind1=" ">
      <subfield code="a">Global inequalities in knowledge production</subfield>
   </datafield>
   <datafield tag="653" ind2=" " ind1=" ">
      <subfield code="a">Eurocentrism</subfield>
   </datafield>
   <datafield tag="653" ind2=" " ind1=" ">
      <subfield code="a">Naming practices</subfield>
   </datafield>
   <datafield ind2="0" ind1="0" tag="245">
      <subfield code="a">Revisiting North-South Disparities in Naming Practices: An Extension and Update</subfield>
   </datafield>
</record></metadata></record></GetRecord></OAI-PMH>